The Purpose Driven Church (Record no. 4266)

MARC details
000 -LEADER
fixed length control field 00365nam a22001457a 4500
008 - FIXED-LENGTH DATA ELEMENTS--GENERAL INFORMATION
fixed length control field 250710b |||||||| |||| 00| 0 eng d
020 ## - INTERNATIONAL STANDARD BOOK NUMBER
ISBN 9780310201063
100 ## - MAIN ENTRY--AUTHOR
Author Warren Rick
245 ## - TITLE STATEMENT
Title The Purpose Driven Church
260 ## - PUBLICATION, DISTRIBUTION, ETC. (IMPRINT)
Place of publication Kaduna
Name of publisher Evangel Publication
Date of publication 1995
300 ## - COLLATION
Pagination x, 399p.
650 ## - TRACINGS
Main Subject Church Growth
942 ## - ADDED ENTRY ELEMENTS (KOHA)
Item type Books
050 ## - LIBRARY OF CONGRESS CALL NUMBER
Classification number BV652.2
Item number .W37
Holdings
Source of classification or shelving scheme Not for loan Permanent location Current location Date acquired Accession No. Full call number Barcode. Koha item type
Library of Congress Classification   Samuel Ogbemudia Main Library, University of Abuja Samuel Ogbemudia Main Library, University of Abuja 07/10/2025 2025/65207 BV652.2.W37 2025-3018 Books